| Tag |
First Indicator |
Second Indicator |
Subfields |
| LEADER |
00000cam a2200000 a 4500 |
| 001 |
in00005750424 |
| 005 |
20260326192729.1 |
| 006 |
m o d |
| 007 |
cr |n||||||||| |
| 008 |
120903s2013 paua ob 001 0 eng d |
| 010 |
|
|
|z 2012013990
|
| 040 |
|
|
|a YDXCP
|b eng
|e pn
|c YDXCP
|d OCLCO
|d OPELS
|d N$T
|d E7B
|d CUS
|d OPELS
|d TEF
|d OCLCQ
|d OPELS
|d IUL
|d OCLCA
|d WAU
|d OCLCA
|d OPELS
|d OCLCF
|d VAM
|d EBLCP
|d OCLCQ
|d OPELS
|d OCLCQ
|d OPELS
|d LVT
|d LEATE
|d OCLCO
|d OCLCA
|d NLE
|d OCLCO
|d U3W
|d OCLCQ
|d AU@
|d OCLCO
|d UKMGB
|d OCLCO
|d WYU
|d OCLCO
|d OCLCA
|d LEAUB
|d OCLCO
|d UKAHL
|d OCLCQ
|d OCLCA
|d OCLCQ
|d OCLCO
|d OCLCQ
|d OCLCO
|d OCLCL
|d OCLCQ
|d OCLCL
|d SXB
|d OCLCQ
|d OCLCL
|d COA
|
| 015 |
|
|
|a GBB807102
|2 bnb
|
| 016 |
7 |
|
|a 018658051
|2 Uk
|
| 019 |
|
|
|a 862046367
|a 1066648509
|a 1340061458
|
| 020 |
|
|
|a 1455737356
|q (electronic bk.)
|
| 020 |
|
|
|a 9781455737352
|q (electronic bk.)
|
| 020 |
|
|
|z 9781437727661
|
| 020 |
|
|
|z 1437727662
|
| 024 |
8 |
|
|a (WaSeSS)ssj0000702200
|
| 035 |
|
|
|a (OCoLC)809411168
|z (OCoLC)862046367
|z (OCoLC)1066648509
|z (OCoLC)1340061458
|
| 037 |
|
|
|a 9781455737352
|b Ingram Content Group
|
| 050 |
|
4 |
|a RC685.H8
|b B58 2013
|
| 060 |
|
4 |
|a WG 340
|b H998 2013
|
| 072 |
|
7 |
|a MED
|x 010000
|2 bisacsh
|
| 082 |
0 |
4 |
|a 616.1/32
|2 23
|
| 049 |
|
|
|a TXAM
|
| 245 |
0 |
0 |
|a Hypertension :
|b a companion to Braunwald's heart disease /
|c [edited by] Henry R. Black, William J. Elliott.
|
| 250 |
|
|
|a 2nd ed.
|
| 260 |
|
|
|a Philadelphia :
|b Elsevier/Saunders,
|c ©2013.
|
| 300 |
|
|
|a 1 online resource (xxi, 465 pages) :
|b illustrations (some color)
|
| 336 |
|
|
|a text
|b txt
|2 rdacontent
|
| 337 |
|
|
|a computer
|b c
|2 rdamedia
|
| 338 |
|
|
|a online resource
|b cr
|2 rdacarrier
|
| 588 |
0 |
|
|a Print version record.
|
| 500 |
|
|
|a Companion v. to: Braunwald's heart disease / edited by Robert O. Bonow [and others]. 9th ed. c2012.
|
| 504 |
|
|
|a Includes bibliographical references and index.
|
| 505 |
0 |
|
|a Section 1: Epidemiology and pathophysiology. Epidemiology of Hypertension ; Pathogenesis of Hypertension. -- Section 2: Diagnosis. Defining Hypertension ; Office Blood Pressure Measurement ; Home Monitoring of Blood Pressure ; Ambulatory Blood Pressure Monitoring in Clinical Hypertension Management ; White Coat and Masked Hypertension ; Secondary Hypertension: Renovascular Hypertension ; Secondary Hypertension: Renin-Independent Mineralocorticoid Excess States ; Secondary Hypertension: Pheochromocytoma ; Secondary Hypertension: Sleep Apnea ; Rare and Unusual Forms of Hypertension. -- Section 3: Risk stratification. The Natural History of Untreated Hypertension ; The Special Problem of Isolated Systolic Hypertension ; Assessment of Hypertensive Target Organ Damage ; Prediction of Global Cardiovascular Risk in Hypertension. -- Section 4: Treatment. Diet and Blood Pressure ; Diuretic Therapy in Cardiovascular Disease ; ß-Blockers in Hypertension ; Angiotensin-Converting Enzyme Inhibitors ; Angiotensin Receptor Blockers ; Calcium Channel Blockers in Hypertension ; a-Blockers ; New Drugs for Hypertension ; Devices for Hypertension. -- Section 5: Outcome studies. Design of Outcomes Studies ; Meta-Analyses of Hypertension Trials: The Blood Pressure Lowering Treatment Trialists' Collaboration. -- Section 6: Hypertension and concomitant diseases. Ischemic Heart Disease in Hypertension ; Heart Failure in Hypertension ; Kidney Disease in Hypertension ; Transplant Hypertension ; Obesity in Hypertension ; Peripheral Artery Disease in Hypertension ; Cerebrovascular Disease in Hypertension ; Hypertension and Diabetes Mellitus: An Update ; Dyslipidemia in Hypertension. -- Section 7: Special populations and special situations. Hypertension in Pregnancy ; Hypertension in Children and Adolescents ; Hypertension in Older Patients ; Hypertension in African Americans ; Hypertension in Hispanics ; Hypertension in East Asians and Native Hawaiians ; Hypertension in South Asians ; Resistant Hypertension ; Hypertension and the Perioperative Period ; Hypertensive Emergencies and Urgencies. -- Section 8: Hypertension treatment in the future. Team-Based Care for the Management of Hypertension ; Outcomes Research in Hypertension ; Pharmacogenetics of Antihypertensive Treatment ; Antihypertensive Drug Development: A Regulatory Perspective. -- Section 9: Guidelines. U.S. and Canadian Hypertension Guidelines ; European and British Guidelines on Hypertension.
|
| 520 |
|
|
|a Effectively manage the chronic problems of your hypertensive patients with the practical clinical tools inside Hypertension, 2nd Edition: A Companion to Braunwald's Heart Disease. This respected cardiology reference covers everything you need to know - from epidemiology and pathophysiology through diagnosis, risk stratification, treatment, outcome studies, concomitant diseases, special populations and special situations, and future treatments. Confidently meet the needs of special populations with chronic hypertensive disease, as well as hypertension and concomitant disease. Learn new methods of aggressive patient management and disease prevention to help ensure minimal risk of further cardiovascular problems. Benefit from the authors' Clinical Pearls to reduce complications of hypertension.
|
| 650 |
|
0 |
|a Hypertension.
|
| 650 |
|
0 |
|a Heart
|x Diseases.
|
| 650 |
1 |
2 |
|a Hypertension
|
| 650 |
|
2 |
|a Heart Diseases
|
| 650 |
|
6 |
|a Hypertension artérielle.
|
| 650 |
|
6 |
|a Cœur
|x Maladies.
|
| 650 |
|
7 |
|a MEDICAL
|x Cardiology.
|2 bisacsh
|
| 650 |
|
7 |
|a Heart
|x Diseases
|2 fast
|
| 650 |
|
7 |
|a Hypertension
|2 fast
|
| 655 |
|
7 |
|a Electronic books.
|2 local
|
| 700 |
1 |
|
|a Black, Henry R.
|q (Henry Richard),
|d 1942-
|1 https://id.oclc.org/worldcat/entity/E39PBJdcD7YMVYBmWwMBQJBXVC
|
| 700 |
1 |
|
|a Elliott, William J.
|c (Physician)
|1 https://id.oclc.org/worldcat/entity/E39PCjHv4KQMtPwC6rcbBGVyFq
|
| 710 |
2 |
|
|a ScienceDirect (Online service)
|
| 730 |
0 |
|
|a Braunwald's heart disease.
|
| 758 |
|
|
|i has work:
|a Hypertension (Text)
|1 https://id.oclc.org/worldcat/entity/E39PCG3JT784g7PbfrB8xXmtDq
|4 https://id.oclc.org/worldcat/ontology/hasWork
|
| 776 |
0 |
8 |
|i Print version:
|t Hypertension.
|b 2nd ed.
|d Philadelphia : Elsevier/Saunders, ©2013
|z 9781437727661
|w (DLC) 2012013990
|w (OCoLC)775419884
|
| 856 |
4 |
0 |
|u http://proxy.library.tamu.edu/login?url=https://www.sciencedirect.com/science/book/9781437727661
|z Connect to the full text of this electronic book
|t 0
|
| 955 |
|
|
|a Elsevier ScienceDirect 2026-2027
|
| 994 |
|
|
|a 92
|b TXA
|
| 999 |
f |
f |
|i 0e66f16f-ba18-4421-8fbc-6c54d2b0e2e1
|s c3d95871-9b1e-4189-81ef-8f6880b62f55
|t 0
|
| 952 |
f |
f |
|a Texas A&M University
|b College Station
|c Electronic Resources
|s www_evans
|d Available Online
|t 0
|e RC685.H8 B58 2013
|h Library of Congress classification
|
| 998 |
f |
f |
|a RC685.H8 B58 2013
|t 0
|l Available Online
|